Jak przeciwdzialac bezrobociu?
Zisťovanie ohnísk a regiónov vysokej miery nezamestnanosti metódou viacfaktorovej analýzy. Reštrukturalizačné programy proti rastu nezamestnanosti. Zaistenie rastu finančnej samostatnosti obecných a okresných úradov pre zvýšenie opatrení na zlepšenie infraštruktúry.
Salvato in:
| Autore principale: | |
|---|---|
| Natura: | Capitolo di libro |
| Lingua: | polacco |
| Soggetti: | |
| Tags: |
Nessun Tag, puoi essere il primo ad aggiungerne!!
|
MARC
| LEADER | 00000naa a2200000 4500 | ||
|---|---|---|---|
| 001 | r004445 | ||
| 005 | 20221125122844.5 | ||
| 041 | 0 | |a pol | |
| 044 | |a PL | ||
| 245 | 1 | 0 | |a Jak przeciwdzialac bezrobociu? |c A. Pyszkowski |
| 520 | |a Zisťovanie ohnísk a regiónov vysokej miery nezamestnanosti metódou viacfaktorovej analýzy. Reštrukturalizačné programy proti rastu nezamestnanosti. Zaistenie rastu finančnej samostatnosti obecných a okresných úradov pre zvýšenie opatrení na zlepšenie infraštruktúry. | ||
| 610 | 2 | 0 | |a nezamestnanosť |
| 610 | 2 | 0 | |a infraštruktúra sociálna |
| 610 | 2 | 0 | |a analýza faktorová |
| 610 | 2 | 0 | |a PR |
| 100 | 1 | |a Pyszkowski, A. | |